000 00251nam a22001217a 4500
008 181219b xxu||||| |||| 00| 0 eng d
041 _aeng
080 _a721
100 _a44
101 _aART
245 _aItalian Style
_cJames.w
942 _2udc
_cBK
999 _c53490
_d53490